000 01126nam a2200217Ia 4500
003 Ost
005 20260416102358.0
008 260416s9999||||xx |||||||||||||| ||und||
040 _cfsecg
041 _aara
082 _a658
100 _aتارزي، آمنة
_eمؤلف
245 0 _aمدخل لإدارة الأعمال :
_bمطبوعة بيداغوجية موجهة لطلبة السنة الأولى -جذع مشترك- ليسانس -LMD- /
_c آمنة تارزي
260 _aالجزائر
_bجامعة الجزائر3: كلية العلوم الإقتصادية، العلوم التجارية وعلوم التسيير
_c2022
300 _a116 ورقة
_bايضاحات
_c30 سم
504 _aمراجع ص. 110
520 _aطبيعة علم الإدارة ، المدير و العملية الإدارية ، تطور الفكر الاداري ، الوظائف الادارية .
653 _aادارة الاعمال
710 _aجامعة الجزائر3: كلية العلوم الإقتصادية، العلوم التجارية وعلوم التسيير
_eناشر علمي
942 _cHANDOUT
999 _c41287
_d41287